Rozpoznaj zawodnika sportów walki po zdjęciu #2 - Statystyki

Ogólne statystyki
  • Ten quiz został rozwiązany 47 razy
  • Średni wynik to 9 z 16
Statystyki odpowiedzi
Obrazkowy Odpowiedź % Poprawnych
Mamed Chalidov
93%
Andrzej Gołota
91%
Tyson Fury
80%
Władimir Kliczko
68%
Damian Janikowski
61%
Anthony Joshua
59%
Jon Jones
59%
Israel Adesanya
57%
Arkadiusz Wrzosek
55%
Floyd Mayweather Jr.
52%
Marcin Tybura
50%
Salahdine Parnasse
43%
Charles Oliveira
36%
Marian Ziółkowski
34%
Anderson Silva
32%
Andy Ruiz
27%
Nie znaleziono quizów pasujących do podanych kryteriów
Rozkład punktacji
Procent ludzi z każdym wynikiem
Percentyl według liczby udzielonych odpowiedzi
Twoja historia wyników
Nie rozwiązałeś tego quizu